| 000 | 00398cam a2200157ua 4500 | ||
|---|---|---|---|
| 041 |
_aeng _h |
||
| 082 |
_a823.308 _bTRO/LA |
||
| 100 | _aTrollope, Anthony . | ||
| 245 |
_aLast chronicle of barset / _cAnthony Trollope. _hTextual Documents |
||
| 250 |
_a1 / _b. |
||
| 260 |
_aLondon : _bOxford University Press , _c1957. |
||
| 300 | _a328 ; . | ||
| 504 | _a | ||
| 942 | _cBK | ||
| 999 |
_c7607 _d7607 |
||